Normal view
MARC view
Entry Geographic Name
001 - CONTROL NUMBER
- control field: 11219
003 - CONTROL NUMBER IDENTIFIER
- control field: BD-RjUL
005 - DATE AND TIME OF LATEST TRANSACTION
- control field: 20240129112943.0
008 - FIXED-LENGTH DATA ELEMENTS
- fixed length control field: 240129|| aca||aabn | a|a d
040 ## - CATALOGING SOURCE
- Original cataloging agency: BD-RjUL
- Transcribing agency: BD-RjUL
151 ## - HEADING--GEOGRAPHIC NAME
- Geographic name: Great Britain
- General subdivision: History
- Chronological subdivision: 1789-1820
670 ## - SOURCE DATA FOUND
- Source citation: Work cat.: (BD-RjUL)82836: Leigh, Ione. 11217, Castlereagh., 1951.